<?xml version="1.0" encoding="UTF-8"?>
<record
    xmlns:xsi="http://www.w3.org/2001/XMLSchema-instance"
    xsi:schemaLocation="http://www.loc.gov/MARC21/slim http://www.loc.gov/standards/marcxml/schema/MARC21slim.xsd"
    xmlns="http://www.loc.gov/MARC21/slim">

  <leader>02956nac a22003491u 4500</leader>
  <datafield tag="010" ind1=" " ind2=" ">
    <subfield code="a">  2007271992</subfield>
  </datafield>
  <datafield tag="020" ind1=" " ind2=" ">
    <subfield code="a">1402038836 (HB)</subfield>
  </datafield>
  <datafield tag="020" ind1=" " ind2=" ">
    <subfield code="a">1402038836</subfield>
  </datafield>
  <datafield tag="024" ind1="3" ind2=" ">
    <subfield code="a">9781402038839</subfield>
  </datafield>
  <datafield tag="035" ind1=" " ind2=" ">
    <subfield code="a">(OCoLC)ocm65202343</subfield>
  </datafield>
  <datafield tag="082" ind1=" " ind2=" ">
    <subfield code="a">006.8 22</subfield>
    <subfield code="b">AVA</subfield>
  </datafield>
  <datafield tag="090" ind1=" " ind2=" ">
    <subfield code="c">3325</subfield>
    <subfield code="d">3325</subfield>
  </datafield>
  <datafield tag="100" ind1=" " ind2=" ">
    <subfield code="a">20080729                     </subfield>
  </datafield>
  <datafield tag="245" ind1="0" ind2="0">
    <subfield code="a">Avatars at work and play : collaboration and interaction in shared virtual environments /</subfield>
    <subfield code="b">collaboration and interaction in shared virtual environments /</subfield>
    <subfield code="c">edited by Ralph Schroeder and Ann-Sofie Axelsson.</subfield>
  </datafield>
  <datafield tag="260" ind1=" " ind2=" ">
    <subfield code="a">Dordrecht, the Netherlands :</subfield>
    <subfield code="b">Springer,2006</subfield>
    <subfield code="c">c2006.</subfield>
  </datafield>
  <datafield tag="300" ind1=" " ind2=" ">
    <subfield code="a">xv, 277 p. :</subfield>
    <subfield code="b">ill. ;</subfield>
    <subfield code="c">25 cm.</subfield>
  </datafield>
  <datafield tag="440" ind1=" " ind2="0">
    <subfield code="a">Computer supported cooperative work ;</subfield>
    <subfield code="v">34 ;</subfield>
  </datafield>
  <datafield tag="500" ind1=" " ind2=" ">
    <subfield code="a">One copy distributed by Bacca</subfield>
  </datafield>
  <datafield tag="504" ind1=" " ind2=" ">
    <subfield code="a">Includes bibliographical references and index.</subfield>
  </datafield>
  <datafield tag="505" ind1="0" ind2=" ">
    <subfield code="a">Work and play in shared virtual environments : overlapping themes and intersecting research agendas / Ralph Schroeder and Ann-Sofie Axelsson -- Transformed social interaction : exploring the digital plasticity of avatars / Jeremy N. Bailenson and Andrew C. Beall -- Selective fidelity : investigating priorities for the creation of expressive avatars / Maia Garau -- Analysis and visualization of social diffusion patterns in three-dimensional virtual worlds / Shashikant Penumarthy and Katy Bo&#xCC;(rner -- Collaborative virtual environments for scientific collaboration : technical and organizational design frameworks / Diane H. Sonnenwald -- Analyzing fragments of collaboration in distributed immersive virtual environments / Ilona Heldal ... [et al.] -- The impact of display system and embodiment on closely coupled collaboration between remote users / David Roberts, Robin Wolff, and Oliver Otto -- The good inequality : supporting group-work in shared virtual environments / Maria Spante, Ann-Sofie Axelsson, and Ralph Schroeder -- Consequences of playing violent video games in immersive virtual environments / Susan Persky and Jim Blascovich -- The psychology of massively multi-user online role-playing games : motivations, emotional investment, relationships, and problematic usage / Nick Yee -- Questing for knowledge--virtual worlds as dynamic processes of social interaction / Mikael Jakobsson -- Play and sociability in There : some lessons from online games for collaborative virtual environments / Barry Brown and Marek Bell -- Digital dystopia : player control and strategic innovation in The sims online / Francis F. Steen ... [et al.].</subfield>
  </datafield>
  <datafield tag="511" ind1=" " ind2=" ">
    <subfield code="a">Catalogued by: Sara</subfield>
  </datafield>
  <datafield tag="650" ind1=" " ind2="0">
    <subfield code="a">Avatars (Computer graphics)</subfield>
  </datafield>
  <datafield tag="650" ind1=" " ind2="0">
    <subfield code="a">Shared virtual environments.</subfield>
  </datafield>
  <datafield tag="650" ind1=" " ind2="0">
    <subfield code="a">Interactive multimedia.</subfield>
  </datafield>
  <datafield tag="650" ind1=" " ind2="0">
    <subfield code="a">Virtual work teams.</subfield>
  </datafield>
  <datafield tag="650" ind1=" " ind2="0">
    <subfield code="a">Human-computer interaction.</subfield>
  </datafield>
  <datafield tag="650" ind1=" " ind2="0">
    <subfield code="a">Internet games.</subfield>
  </datafield>
  <datafield tag="700" ind1="1" ind2=" ">
    <subfield code="a">Schroeder, Ralph.</subfield>
  </datafield>
  <datafield tag="700" ind1="1" ind2=" ">
    <subfield code="a">Axelsson, Ann-Sofie.</subfield>
  </datafield>
  <datafield tag="942" ind1=" " ind2=" ">
    <subfield code="c">BB</subfield>
    <subfield code="k">006.8 22AVA</subfield>
  </datafield>
  <datafield tag="999" ind1=" " ind2=" ">
    <subfield code="c">3325</subfield>
    <subfield code="d">3325</subfield>
  </datafield>
  <datafield tag="952" ind1=" " ind2=" ">
    <subfield code="0">0</subfield>
    <subfield code="1">0</subfield>
    <subfield code="2">ddc</subfield>
    <subfield code="4">0</subfield>
    <subfield code="7">0</subfield>
    <subfield code="a">MAIN</subfield>
    <subfield code="b">MAIN</subfield>
    <subfield code="c">LOW</subfield>
    <subfield code="d">2008-03-24</subfield>
    <subfield code="e">Purchase</subfield>
    <subfield code="l">1</subfield>
    <subfield code="m">6</subfield>
    <subfield code="o">006.8 22AVA</subfield>
    <subfield code="p">000030015</subfield>
    <subfield code="r">2025-07-15 00:00:00</subfield>
    <subfield code="s">2014-12-08</subfield>
    <subfield code="y">BB</subfield>
  </datafield>
  <datafield tag="952" ind1=" " ind2=" ">
    <subfield code="0">0</subfield>
    <subfield code="1">0</subfield>
    <subfield code="4">0</subfield>
    <subfield code="7">0</subfield>
    <subfield code="a">MAIN</subfield>
    <subfield code="b">MAIN</subfield>
    <subfield code="c">LOW</subfield>
    <subfield code="d">2008-03-24</subfield>
    <subfield code="e">Purchase</subfield>
    <subfield code="l">0</subfield>
    <subfield code="o">006.8 22AVA</subfield>
    <subfield code="p">000010740</subfield>
    <subfield code="r">2025-07-15 00:00:00</subfield>
    <subfield code="v">747.20</subfield>
    <subfield code="y">BB</subfield>
  </datafield>
</record>
